[Event "VS 2004-2005 Bergens 1 - Førde"]
[Site "?"]
[Date "2005.02.12"]
[Round "3"]
[White "Gullaksen, Eirik T"]
[Black "Eriksen, Bjarne"]
[Result "1-0"]
[WhiteElo "2372"]
[BlackElo "2035"]
[PlyCount "80"]
[EventDate "2005.02.13"]
[SourceDate "2005.02.13"]

1. e4 c6 2. d4 d5 3. Nc3 dxe4 4. Nxe4 Nf6 5. Nxf6+ exf6 6. c3 Bd6 7. Bd3 O-O 8.
Qc2 Re8+ 9. Ne2 g6 10. h4 h5 11. Be3 f5 12. O-O-O Be7 13. g4 hxg4 14. h5 g5 15.
Bxf5 Bxf5 16. Qxf5 Qd5 17. Ng3 Qxf5 18. Nxf5 Nd7 19. Rdg1 Nf6 20. Bxg5 Bd8 21.
Nh6+ Kg7 22. Nxg4 Nxg4 23. Bd2 Bf6 24. Rxg4+ Kh7 25. Be3 Rg8 26. Rf4 Be7 27.
Rxf7+ Rg7 28. Rxg7+ Kxg7 29. Rg1+ Kf7 30. h6 Bf6 31. Kc2 Re8 32. Kd3 a6 33. Bg5
Bh8 34. f4 Kg6 35. Rg3 Kf5 36. Re3 Rxe3+ 37. Kxe3 b5 38. b4 Ke6 39. Ke4 Kd7 40.
Kf5 Kd6 1-0

[Event "VS 2004-2005 Førde - Bergens 1"]
[Site "?"]
[Date "2005.02.12"]
[Round "3"]
[White "Hjertenes, Øystein"]
[Black "Bern, Ivar"]
[Result "0-1"]
[WhiteElo "1979"]
[BlackElo "2269"]
[PlyCount "68"]
[EventDate "2005.02.13"]
[SourceDate "2005.02.13"]

1. Nf3 c5 2. g3 Nc6 3. Bg2 g6 4. d4 cxd4 5. Nxd4 Bg7 6. c3 Nf6 7. O-O O-O 8.
Na3 d5 9. Nac2 e5 10. Nxc6 bxc6 11. b3 Qc7 12. Bb2 Rd8 13. Rc1 a5 14. Qd2 Rb8
15. Rfd1 Be6 16. e3 h5 17. Qe2 Bg4 18. f3 Be6 19. Na3 a4 20. b4 e4 21. Nc2 exf3
22. Bxf3 Ng4 23. Rf1 Re8 24. Rce1 Ne5 25. a3 Nc4 26. Nd4 Bh3 27. Rf2 Rxe3 28.
Qxe3 Nxe3 29. Rxe3 c5 30. bxc5 Qxc5 31. Rfe2 Rxb2 32. Rxb2 Bxd4 33. Rb8+ Kg7
34. cxd4 Qc1+ 0-1

[Event "VS 2004-2005 Bergens 1 - Førde"]
[Site "?"]
[Date "2005.02.12"]
[Round "3"]
[White "Hersvik, Daniel"]
[Black "Nestande, Per"]
[Result "1-0"]
[WhiteElo "2146"]
[BlackElo "1926"]
[PlyCount "77"]
[EventDate "2005.02.13"]
[SourceDate "2005.02.13"]

1. e4 e5 2. Nf3 Nc6 3. Bb5 a6 4. Ba4 Nf6 5. O-O Nxe4 6. d4 b5 7. d5 bxa4 8.
dxc6 d6 9. c4 Bg4 10. Re1 f5 11. Qd5 Be7 12. Nc3 Nf6 13. Qa5 Bxf3 14. gxf3 O-O
15. f4 Ng4 16. f3 Bh4 17. Re2 Bf2+ 18. Kg2 Bb6 19. Qd5+ Kh8 20. fxg4 fxg4 21.
c5 Bxc5 22. Qe4 Qh4 23. Bd2 g5 24. f5 Rf6 25. Nd5 Rh6 26. Kh1 Bf2 27. Qg2 g3
28. Rxf2 Qd4 29. Qxg3 Qxd5+ 30. Qg2 Qf7 31. Bxg5 Rg8 32. Rg1 d5 33. Bxh6 Rxg2
34. Rfxg2 d4 35. f6 Qd5 36. h3 e4 37. Rg8+ Qxg8 38. Bg7+ Qxg7 39. Rxg7 1-0

[Event "VS 2004-2005 Førde - Bergens 1"]
[Site "?"]
[Date "2005.02.12"]
[Round "3"]
[White "Mossestad, Frode"]
[Black "Normann, Øyvind"]
[Result "1-0"]
[WhiteElo "1729"]
[BlackElo "1913"]
[PlyCount "63"]
[EventDate "2005.02.13"]
[SourceDate "2005.02.13"]

1. d4 Nf6 2. c4 e6 3. Nf3 d5 4. g3 Be7 5. Bg2 O-O 6. Nc3 dxc4 7. Ne5 c5 8. d5
exd5 9. Nxd5 Nxd5 10. Qxd5 Qxd5 11. Bxd5 Bf6 12. Nxc4 Na6 13. Bd2 Rd8 14. e4
Nc7 15. Ba5 Rd7 16. Bxc7 Rxc7 17. e5 Be7 18. O-O-O Be6 19. Bxe6 fxe6 20. a4 a6
21. a5 Rd8 22. Rxd8+ Bxd8 23. Rd1 Be7 24. Kc2 Kf8 25. Kc3 Ke8 26. Nd6+ Kf8 27.
h4 h6 28. Kc4 g5 29. hxg5 hxg5 30. Rh1 Bxd6 31. exd6 Rc6 32. Rh8+ 1-0

[Event "VS 2004-2005 Førde - Bergens 1"]
[Site "?"]
[Date "2005.02.12"]
[Round "3"]
[White "Grendahl, Tron Helge"]
[Black "Klausen, Torbjørn"]
[Result "1/2-1/2"]
[WhiteElo "1678"]
[BlackElo "1551"]
[PlyCount "90"]
[EventDate "2005.02.13"]
[SourceDate "2005.02.13"]

1. e4 d5 2. exd5 Qxd5 3. Nc3 Qa5 4. d4 Nf6 5. Nf3 Bg4 6. h3 Bxf3 7. Qxf3 c6 8.
Bd2 Qb6 9. d5 cxd5 10. Nxd5 Nxd5 11. Qxd5 Nc6 12. O-O-O e6 13. Qg5 h6 14. Qg3
Rd8 15. Bc4 Bd6 16. f4 Qd4 17. Bb5 O-O 18. Kb1 Ne7 19. Bc3 Nf5 20. Rxd4 Nxg3
21. Rhd1 Nf5 22. R4d3 Bc7 23. Rxd8 Rxd8 24. Rxd8+ Bxd8 25. Be5 a6 26. Bd7 b6
27. c3 h5 28. b4 Ne3 29. Bc6 f6 30. Bd4 Nd5 31. f5 Ne7 32. Bd7 exf5 33. c4 Kf7
34. a4 g5 35. b5 axb5 36. axb5 Bc7 37. c5 bxc5 38. Bxc5 Nd5 39. Kb2 f4 40. Bc6
Ke6 41. b6 Nxb6 42. Bxb6 Bxb6 43. Bf3 h4 44. Kc3 Ke5 45. Kd3 Bf2 1/2-1/2

[Event "VS 2004-2005 Bergens 2 - Fana"]
[Site "?"]
[Date "2005.02.13"]
[Round "3"]
[White "Dalheim, Even"]
[Black "Stokke, Kjetil"]
[Result "1/2-1/2"]
[WhiteElo "1825"]
[BlackElo "2222"]
[PlyCount "189"]
[EventDate "2005.02.13"]
[SourceDate "2005.02.13"]

1. e4 c5 2. Nf3 Nc6 3. d4 cxd4 4. Nxd4 g6 5. Be3 Bg7 6. c3 Nf6 7. f3 O-O 8. Bb5
e5 9. Nxc6 bxc6 10. Ba4 Ba6 11. b4 Re8 12. Nd2 Qc7 13. c4 Reb8 14. Rb1 d5 15.
cxd5 cxd5 16. Rc1 Qd8 17. Bc6 d4 18. Bg5 Bb7 19. b5 Qa5 20. a4 Ne8 21. O-O Qb4
22. Nc4 Bxc6 23. bxc6 Rc8 24. Bd2 Qe7 25. Na5 Bf6 26. Qc2 Qe6 27. f4 exf4 28.
Bxf4 Bd8 29. Nb3 Bb6 30. Kh1 a5 31. Nd2 Bc7 32. Bh6 Nf6 33. Qc4 Qxc4 34. Rxc4
Ng4 35. Bf4 Bxf4 36. Rxf4 Ne5 37. Rxd4 Rxc6 38. Rd5 Nc4 39. Nb3 Rb6 40. Rf3
Rab8 41. Nc1 Rb1 42. Rc3 R8b4 43. h3 Rxa4 44. Kh2 Nb6 45. Rd8+ Kg7 46. e5 Rc4
47. Na2 Rb2 48. Rxc4 Nxc4 49. Nc3 Nxe5 50. Rd5 Nc4 51. Nd1 Rd2 52. Rxd2 Nxd2
53. Nc3 Kf6 54. Kg3 Ke5 55. Na4 f5 56. Nb6 Ne4+ 57. Kf3 Nc3 58. Nc4+ Kd5 59.
Nxa5 g5 60. Nb7 Nb5 61. Nd8 Nd4+ 62. Kg3 Ke5 63. Kf2 Kf6 64. Ke3 Nc2+ 65. Kf2
Nb4 66. Kg3 Ke7 67. Nb7 Nd3 68. Na5 Ne5 69. Nb3 f4+ 70. Kf2 Kf6 71. Nd4 h5 72.
Ne2 Kf5 73. Nd4+ Ke4 74. Ne6 g4 75. Kf1 g3 76. Ke2 Nf7 77. Ng7 h4 78. Ne6 Ke5
79. Nc5 Ng5 80. Nd3+ Ke4 81. Ne1 Kf5 82. Kf1 Ke5 83. Ke2 Ke4 84. Nd3 f3+ 85.
gxf3+ Nxf3 86. Nc5+ Kd5 87. Nd3 Ng1+ 88. Kf1 Nxh3 89. Kg2 Kd4 90. Ne1 Ng5 91.
Kh1 h3 92. Nf3+ Ke3 93. Nxg5 h2 94. Kg2 Ke2 95. Ne4 1/2-1/2

[Event "VS 2004-2005 Fana - Bergens 2"]
[Site "?"]
[Date "2005.02.13"]
[Round "3"]
[White "Karlsen, Terje"]
[Black "Larsen, Stig B"]
[Result "1-0"]
[WhiteElo "2043"]
[BlackElo "1688"]
[PlyCount "89"]
[EventDate "2005.02.13"]
[SourceDate "2005.02.13"]

1. e4 c5 2. Nf3 Nc6 3. d4 cxd4 4. Nxd4 Nf6 5. Nc3 Qb6 6. Nb3 e6 7. Bd3 a6 8. a4
Bb4 9. Bd2 Ne5 10. O-O Nxd3 11. cxd3 O-O 12. a5 Qd8 13. Bg5 Be7 14. d4 d5 15.
e5 Nd7 16. Bxe7 Qxe7 17. Na4 b5 18. Nac5 Nb8 19. f4 f5 20. Qd2 Ra7 21. Rac1 Bd7
22. Rc2 Rc8 23. Rfc1 Bc6 24. Nd3 Rac7 25. Nb4 Bb7 26. Rc5 Rxc5 27. Rxc5 Rxc5
28. Nxc5 Bc8 29. Qc3 Qd8 30. Ncd3 Bb7 31. Qc5 Qc8 32. Qd6 Kf7 33. Nc5 h6 34. h4
g5 35. hxg5 hxg5 36. fxg5 Kg6 37. Qxe6+ Qxe6 38. Nxe6 Bc8 39. Nc7 Kxg5 40. e6
Kf4 41. Nbxd5+ Ke4 42. Nb6 Bxe6 43. Nxe6 b4 44. d5 Kd3 45. d6 1-0

[Event "VS 2004-2005 Bergens 2 - Fana"]
[Site "?"]
[Date "2005.02.13"]
[Round "3"]
[White "Gatland, Erling"]
[Black "Martinsen, Stig K"]
[Result "0-1"]
[WhiteElo "1629"]
[BlackElo "2150"]
[PlyCount "72"]
[EventDate "2005.02.13"]
[SourceDate "2005.02.13"]

1. d3 g6 2. Nf3 Bg7 3. g3 c5 4. Bg2 Nc6 5. O-O d6 6. e4 e5 7. Nc3 Nge7 8. Be3
Nd4 9. Ne2 O-O 10. c3 Nxe2+ 11. Qxe2 f5 12. Qd2 Nc6 13. Ne1 Be6 14. f4 exf4 15.
gxf4 Rc8 16. exf5 Bxf5 17. Bd5+ Kh8 18. Nf3 b6 19. Ng5 Qf6 20. Ne4 Qd8 21. Ng5
Qd7 22. Rae1 h6 23. Ne4 Ne7 24. Bb3 d5 25. Ng3 Bh3 26. Rf3 Bg4 27. Rff1 d4 28.
Bf2 dxc3 29. bxc3 Bh3 30. Rxe7 Qxe7 31. Re1 Qd6 32. Re4 Rce8 33. Rxe8 Rxe8 34.
Bf7 Re7 35. Bb3 b5 36. Bd1 Qd5 0-1

[Event "VS 2004-2005 Fana - Bergens 2"]
[Site "?"]
[Date "2005.02.13"]
[Round "3"]
[White "Larsen, Tor Kristian"]
[Black "Iversen, Anders G"]
[Result "1/2-1/2"]
[WhiteElo "1988"]
[BlackElo "1586"]
[PlyCount "104"]
[EventDate "2005.02.13"]
[SourceDate "2005.02.13"]

1. Nf3 Nf6 2. c4 e6 3. Nc3 b6 4. g3 Bb7 5. Bg2 Be7 6. O-O O-O 7. Re1 d5 8. cxd5
exd5 9. d4 Re8 10. Bg5 Nbd7 11. Rc1 Nf8 12. e3 Ne6 13. Bxf6 Bxf6 14. b4 c5 15.
bxc5 bxc5 16. dxc5 Nxc5 17. Nb5 Ne6 18. Qa4 a6 19. Nbd4 Rc8 20. Rxc8 Qxc8 21.
Bh3 Re7 22. Rb1 Qc4 23. Rb4 Qc1+ 24. Kg2 Nc5 25. Qa5 g6 26. Qb6 Kg7 27. Rb1 Qa3
28. Rd1 Ne4 29. Qb3 Qxb3 30. axb3 Rc7 31. Kg1 Rc3 32. Bf1 Nc5 33. Rb1 Nd3 34.
b4 Bxd4 35. Nxd4 Ne5 36. Kg2 Nc4 37. Rd1 Kf6 38. Rd3 Rc1 39. Be2 Ke5 40. Bf3
Rb1 41. Nb3 Bc6 42. h4 Kd6 43. Nd4 Ne5 44. Rc3 Rxb4 45. Be2 Nc4 46. Nxc6 Kxc6
47. e4 Kc5 48. exd5 Kxd5 49. Rd3+ Kc6 50. Rd4 Kc5 51. Rd7 Ne5 52. Ra7 Ra4
1/2-1/2

[Event "VS 2004-2005 Bergens 2 - Fana"]
[Site "?"]
[Date "2005.02.13"]
[Round "3"]
[White "Tufta, Jon Gunnar"]
[Black "Sørensen, Henrik"]
[Result "1/2-1/2"]
[WhiteElo "1602"]
[BlackElo "1989"]
[PlyCount "104"]
[EventDate "2005.02.13"]
[SourceDate "2005.02.13"]

1. e4 c6 2. d4 d5 3. exd5 cxd5 4. Bd3 Nc6 5. c3 g6 6. Nf3 Bg7 7. Bg5 f6 8. Bh4
Nh6 9. O-O Bf5 10. Be2 O-O 11. h3 Nf7 12. g4 Bc8 13. Nbd2 Qb6 14. Qb3 Qxb3 15.
Nxb3 b6 16. a4 Bb7 17. a5 g5 18. Bg3 e5 19. Rfd1 Rad8 20. axb6 axb6 21. Ra4
Rfe8 22. Bb5 Re7 23. Ne1 e4 24. Nc2 Nh6 25. Ne3 Kh8 26. Kf1 f5 27. gxf5 Rf7 28.
Kg2 Nxf5 29. Nxf5 Rxf5 30. Bc7 Rdf8 31. Rd2 g4 32. h4 Bf6 33. Bg3 Rh5 34. Bxc6
Bxc6 35. Ra6 Bxh4 36. Bxh4 Rxh4 37. Rxb6 Rh6 38. Na5 Rff6 39. Nxc6 Rxc6 40. Rb7
Rhf6 41. Rd1 Rf8 42. Rh1 h6 43. Rh4 Rcf6 44. Kg1 g3 45. fxg3 Re6 46. Rg4 e3 47.
Rgg7 Rf5 48. Rh7+ Kg8 49. Rbg7+ Kf8 50. Ra7 Kg8 51. Rag7+ Kf8 52. Ra7 Kg8
1/2-1/2

[Event "VS 2004-2005 SK 96 - Nordnes 1"]
[Site "?"]
[Date "2005.02.13"]
[Round "3"]
[White "Sævareid, Ove"]
[Black "Salomonsen, Rune"]
[Result "1-0"]
[WhiteElo "2181"]
[BlackElo "1768"]
[PlyCount "55"]
[EventDate "2005.02.13"]
[SourceDate "2005.02.13"]

1. c4 Nf6 2. g3 c5 3. Bg2 g6 4. Nc3 Bg7 5. a3 Nc6 6. Rb1 Rb8 7. b4 cxb4 8. axb4
d6 9. d3 O-O 10. Bd2 e5 11. b5 Nd4 12. e3 Ne6 13. Nge2 Nh5 14. O-O b6 15. Nd5
f5 16. f4 Nf6 17. Nec3 Bb7 18. Nxf6+ Bxf6 19. Nd5 Bg7 20. Bc3 g5 21. Ra1 gxf4
22. exf4 Kh8 23. Rxa7 Nd4 24. Bxd4 exd4 25. Nb4 Qc8 26. Bxb7 Rxb7 27. Rxb7 Qxb7
28. Re1 1-0

[Event "VS 2004-2005 SK 96 - Nordnes 1"]
[Site "?"]
[Date "2005.02.13"]
[Round "3"]
[White "Kvamme, John A"]
[Black "Agustsson, Hafsteinn"]
[Result "1-0"]
[WhiteElo "2097"]
[BlackElo "1633"]
[PlyCount "79"]
[EventDate "2005.02.13"]
[SourceDate "2005.02.13"]

1. g3 d5 2. f4 Nf6 3. Nf3 c5 4. Bg2 Nc6 5. O-O e6 6. d3 Bd6 7. Qe1 d4 8. e4
dxe3 9. Bxe3 O-O 10. Nc3 Nb4 11. Rc1 Ng4 12. Bd2 Nd5 13. Ne4 Be7 14. h3 Ngf6
15. g4 Qc7 16. Qg3 c4 17. Ne5 cxd3 18. Qxd3 Rd8 19. Qc4 Qxc4 20. Nxc4 Bd7 21.
Ne5 Rab8 22. c4 Nxe4 23. Bxe4 Nb4 24. a3 Nc6 25. Bc3 f6 26. Nxd7 Rxd7 27. Rfd1
Rbd8 28. Rxd7 Rxd7 29. Kf1 Bc5 30. Rc2 Be3 31. f5 e5 32. Bd5+ Kf8 33. b4 Nd4
34. Bxd4 Bxd4 35. Ke2 Ke7 36. Kd3 Rc7 37. Ke4 b5 38. c5 Kd7 39. Rg2 h6 40. h4
1-0

[Event "VS 2004-2005 Nordnes 1 - SK 96"]
[Site "?"]
[Date "2005.02.13"]
[Round "3"]
[White "Hauge, Erik P"]
[Black "Brekke, Tore"]
[Result "1-0"]
[WhiteElo "1711"]
[BlackElo "1923"]
[PlyCount "72"]
[EventDate "2005.02.13"]
[SourceDate "2005.02.13"]

1. e4 d6 2. d4 Nf6 3. Nc3 g6 4. f4 Bg7 5. Nf3 c5 6. Bb5+ Bd7 7. e5 Ng4 8. Bc4
cxd4 9. Qxd4 O-O 10. h3 dxe5 11. Qg1 Nh6 12. fxe5 Qc7 13. Bb3 Bc6 14. Bf4 Nd7
15. O-O-O b5 16. Qh2 Nc5 17. Bd5 Bxd5 18. Nxd5 Qb7 19. Bg5 Rfe8 20. Rhf1 Ne6
21. Be3 Rad8 22. Nf4 Nxf4 23. Bxf4 Rxd1+ 24. Rxd1 Rc8 25. Nd4 Qe4 26. g4 Rd8
27. c3 b4 28. Qd2 bxc3 29. bxc3 Rb8 30. Nb3 Nxg4 31. hxg4 Bxe5 32. Bxe5 Qxe5
33. Qd4 Qg5+ 34. Kb2 Qh4 35. Rd2 Qg3 36. Qxa7 Re8 1-0

[Event "VS 2004-2005 SK 96 - Nordnes 1"]
[Site "?"]
[Date "2005.02.13"]
[Round "3"]
[White "Kvamme, Ole F"]
[Black "Kjenner, Svein"]
[Result "0-1"]
[WhiteElo "1858"]
[BlackElo "1595"]
[PlyCount "112"]
[EventDate "2005.02.13"]
[SourceDate "2005.02.13"]

1. c4 c5 2. Nc3 Nc6 3. g3 b6 4. Bg2 Bb7 5. Nf3 Nf6 6. O-O g6 7. d4 Nxd4 8. Nxd4
Bxg2 9. Kxg2 cxd4 10. Qxd4 Bg7 11. Bg5 O-O 12. Rac1 d6 13. Qh4 Qd7 14. Nd5 Nxd5
15. cxd5 Bxb2 16. Rc2 Bg7 17. Bxe7 Rfe8 18. Bg5 Qf5 19. Rd2 Re4 20. Bf4 Be5 21.
f3 Bxf4 22. fxe4 Qxe4+ 23. Kh3 Qf5+ 24. Kg2 Qe4+ 25. Kh3 g5 26. Rxf4 gxf4 27.
Qg5+ Qg6 28. Qxf4 Re8 29. Qg4 Re5 30. Qxg6+ hxg6 31. Kg4 Kg7 32. Kf4 g5+ 33.
Kf3 f5 34. Rc2 Kf6 35. Rc7 a5 36. Rb7 g4+ 37. Kf2 Rxd5 38. Rxb6 Rd2 39. Ra6
Rxa2 40. Rxd6+ Ke5 41. Ra6 a4 42. Ra8 Ra1 43. Ra5+ Ke4 44. Rb5 a3 45. Rb4+ Ke5
46. Rb5+ Kf6 47. Rb6+ Ke7 48. Ra6 a2 49. Ke3 Kd7 50. Kd2 Kc7 51. Kc2 Re1 52.
Rxa2 Rxe2+ 53. Kb3 Rxa2 54. Kxa2 Kd6 55. Kb3 Kd5 56. Kc3 Ke4 0-1

[Event "VS 2004-2005 Nordnes 1 - SK 96"]
[Site "?"]
[Date "2005.02.13"]
[Round "3"]
[White "Losnedal, Halvor"]
[Black "Polo, Jose H"]
[Result "1/2-1/2"]
[WhiteElo "1339"]
[BlackElo "1861"]
[PlyCount "28"]
[EventDate "2005.02.13"]
[SourceDate "2005.02.13"]

1. e4 e6 2. d4 a6 3. Nf3 b5 4. Bg5 Be7 5. Bxe7 Qxe7 6. Bd3 Qb4+ 7. Nbd2 Qxb2 8.
O-O Nc6 9. Rb1 Qxa2 10. c4 Qa3 11. Rb3 Qa4 12. Qb1 Na5 13. Rb4 Qa3 14. Rc1 Ne7
1/2-1/2